Modelos y prácticas pedagógicas en la educación superior (Registro nro. 304141)
[ vista simple ]
| 000 -ENCABEZADO | |
|---|---|
| Número de control [NR] | 01319cam a2200265 a 4500 |
| 005 - FECHA Y HORA DE LA ÚLTIMA TRANSACCIÓN | |
| control field | 20160826123749.0 |
| 008 - DE LONGITUD FIJA DE DATOS DE ELEMENTOS - INFORMACIÓN GENERAL | |
| Elementos de longitud fija [NR] | 160819s2004 ck ad r 000 0 spa d |
| 020 ## - NUMERO INTERNACIONAL NORMALIZADO PARA LIBROS [R] | |
| Número Internacional Normalizado del libro [NR] | 9588154367 |
| 035 ## - NUMERO DE CONTROL DEL SISTEMA [R] | |
| Número de control del sistema [NR] | (Sirsi) a694004 |
| 040 ## - FUENTE DE CATALOGACION [NR] | |
| Agencia de catalogación original [NR] | CO-BoUCM |
| Idioma de catalogación [NR] | spa |
| Quien Cataloga | Sandra Palacio |
| Quien Clasifica | Sandra Palacio |
| 041 0# - CODIGO DE IDIOMA [R] | |
| Código de idioma para texto/pista de sonido o título separado [R] | Español |
| 110 2# - ASIENTO PRINCIPAL--NOMBRE CORPORATIVO [NR] | |
| Nombre corporativo o de jurisdicción como elemento de entrada [NR] | Universidad Surcolombiana |
| Unidad subordinada [R] | Grupo de Investigación Programa de Acción Curricular Alternativo |
| ID de autoridad | 78921 |
| 245 10 - MENCION DE TITULO [NR] | |
| Título [NR] | Modelos y prácticas pedagógicas en la educación superior |
| Mención de responsabilidad, etc. [NR] | Grupo de Investigación Programa de Acción Curricular Alternativo y Comité Regional de Educación Superior del Centro Occidente ; director Nelson Ernesto López Jiménez |
| 260 ## - PUBLICACION, DISTRIBUCION, ETC. (PIE DE IMPRENTA) [R] | |
| Lugar de publicación, distribución, etc. [R] | Neiva (Huila, Colombia) |
| Nombre del editor, distribuidor, etc. [R] | Universidad Surcolombiana |
| Fecha de publicación, distribución, etc. [R] | 2004 |
| 300 ## - DESCRIPCION FISICA [R] | |
| Extensión [R] | 150 páginas |
| Otros detalles físicos [NR] | ilustraciones, cuadros,gráficos |
| 590 ## - NOTA LOCAL (RLIN) | |
| Local note | Ejemplar con dedicatoria y autografiado por el director |
| 650 17 - ASIENTO SECUNDARIO DE MATERIA - TERMINO TEMATICO [R] | |
| Término temático o nombre geográfico como elemento de entrada [NR] | Educación superior |
| Subdivisión geográfica [R] | Colombia |
| 9 (RLIN) | 13880 |
| 650 27 - ASIENTO SECUNDARIO DE MATERIA - TERMINO TEMATICO [R] | |
| Término temático o nombre geográfico como elemento de entrada [NR] | Calidad de la educación superior |
| Subdivisión geográfica [R] | Colombia |
| 9 (RLIN) | 27477 |
| 650 27 - ASIENTO SECUNDARIO DE MATERIA - TERMINO TEMATICO [R] | |
| Término temático o nombre geográfico como elemento de entrada [NR] | Planificación universitaria |
| Subdivisión geográfica [R] | Colombia |
| 9 (RLIN) | 78922 |
| 690 ## - ASUNTO AGREGADO LOCAL DE ENTRADA - TÉRMINO TEMÁTICO (OCLC, RLIN) | |
| Acceso temático local | Educación superior |
| 9 (RLIN) | 177 |
| 700 1# - ASIENTO SECUNDARIO - NOMBRE PERSONAL [R] | |
| Nombre personal [NR] | López Jiménez, Nelson Ernesto |
| 9 (RLIN) | 78872 |
| 710 2# - ASIENTO SECUNDARIO - NOMBRE CORPORATIVO [R] | |
| Nombre corporativo o de jurisdicción como elemento de entrada [NR] | Comité Regional de Educación Superior del Centro Occidente |
| 9 (RLIN) | 78923 |
| 942 ## - ELEMENTOS DE ENTRADA AGREGADOS (KOHA) | |
| Sistema de clasificación | DEWEY |
| Tipo de ítem principal el descrito en 300a | Libro |
| Tema principal | Educación |
| Edición | 1 |
| Clasificación | 378.861 |
| Parte restante de la signatura top. | M689mp |
| Total préstamos | Signatura topográfica | Código de barras | Última vez visto | Ejemplar | Costo de reposición | Price effective from | Tipo de ítem | Nota pública (OPAC) | Perdido | Sistema de clasificación | Dañado | No prestable | Tipo de ítem específico | Suprimido | Ubicación habitual | Ubicación actual | Localización | Fecha de creación | Proveedor | Forma de adquisición | Costo |
|---|---|---|---|---|---|---|---|---|---|---|---|---|---|---|---|---|---|---|---|---|---|
| 378.861 M689mp | 100150054 | 04/12/2025 | Ej.1 | 26000.00 | 11/08/2016 | Libro | Galería de donantes | DEWEY | Libro | Claustro | Claustro | 3er piso | 11/08/2016 | 12 | Donación | 0.00 |